Feria de ruidos (Record no. 184816)

MARC details
000 -LEADER
campo de control de longitud fija 00888nam a2200241 i 4500
001 - NÚMERO DE CONTROL
campo de control 184816
003 - IDENTIFICADOR DE NÚMERO DE CONTROL
campo de control ES-MaACL
005 - FECHA Y HORA DE LA ÚLTIMA TRANSACCIÓN
campo de control 20251002203852.0
008 - DATOS DE LONGITUD FIJA--INFORMACIÓN GENERAL
campo de control de longitud fija 160201s1962 sp a |||| | spa d
080 ## - NÚMERO DE LA CLASIFICACIÓN DECIMAL UNIVERSAL
Número de la Clasificación Decimal Universal 504.055
100 1# - ENTRADA PRINCIPAL--NOMBRE DE PERSONA
Nombre de persona Palacios Porta, Santiago.
9 (RLIN) 88441
245 10 - MENCIÓN DEL TÍTULO
Título Feria de ruidos
Resto del título : (instancia sin polizas) /
Mención de responsabilidad, etc. Santiago Palacios Porta ; [ilustraciones de Datile].
260 ## - PUBLICACIÓN, DISTRIBUCIÓN, ETC.
Lugar de publicación, distribución, etc. Madrid :
Nombre del editor, distribuidor, etc. Campaña contra el Ruido,
Fecha de publicación, distribución, etc. [1962] (
Fabricante Copigraf)
300 ## - DESCRIPCIÓN FÍSICA
Extensión 23 p. :
Otras características físicas il. ;
Dimensiones 17 cm.
505 8# - NOTA DE CONTENIDO CON FORMATO
Nota de contenido con formato Contiene: ;
Título El ruido del piropo,(
Información miscelánea de Arriba, 21-9-62)
594 ## - Nota al título y mención de responsabilidad
Nota al título y mención de responsabilidad En port.: Lucha al ruido. Acción Cultural y Cívica.
596 ## - NOTA AL PIE DE IMPRENTA
NOTA AL PIE DE IMPRENTA En port.: Hogar del Pensamiento.
650 04 - PUNTO DE ACCESO ADICIONAL DE MATERIA--TÉRMINO DE MATERIA
Término de materia o nombre geográfico como elemento de entrada Ruido urbano.
9 (RLIN) 16953
700 1# - ENTRADA AGREGADA--NOMBRE PERSONAL
Nombre de persona Dáneo Palacios, Emilio,
Fechas asociadas al nombre 1921-
9 (RLIN) 158625
710 2# - ENTRADA AGREGADA--NOMBRE DE ENTIDAD CORPORATIVA
Nombre de entidad corporativa o nombre de jurisdicción como elemento de entrada Campaña contra el Ruido.
9 (RLIN) 158624
852 ## - LOCALIZACIÓN
Ubicación ES-MaACL
Número de control de estantería 1502-F-12
Holdings
Estatus retirado Estado de pérdida Estado de daño No para préstamo Colección Biblioteca de origen Biblioteca actual Ubicación en estantería Fecha de adquisición Fuente de adquisición Total de préstamos Signatura topográfica completa Código de barras Visto por última vez Precio de reemplazo Tipo de ítem Koha
        Colección de folletos Biblioteca del Ateneo de Madrid Biblioteca del Ateneo de Madrid Depósito folletos 01/02/2016     1502-F-12 1194639 23/02/2023 23/02/2023 Folleto